Markets (Record no. 82823)

MARC details
000 -LEADER
fixed length control field 01259cab a22002055a 4500
001 - CONTROL NUMBER
control field L151556
008 - FIXED-LENGTH DATA ELEMENTS--GENERAL INFORMATION
fixed length control field 101117e2010 xxk 000 0 eng d
035 ## - SYSTEM CONTROL NUMBER
System control number (Sirsi) u151556
041 0# - LANGUAGE CODE
Language code of text/sound track or separate title eng
100 1# - MAIN ENTRY--PERSONAL NAME
Personal name Unger, Paul
245 00 - TITLE STATEMENT
Title Markets
Remainder of title north-west
260 ## - PUBLICATION, DISTRIBUTION, ETC.
Date of publication, distribution, etc. 2010
490 #0 - SERIES STATEMENT
Series statement Property Week
Volume/sequential designation 76(45) 12 November 2010, 43-58(5)
520 ## - SUMMARY, ETC.
Summary, etc. Fate of Blackpool, Fylde & Wyre Development Company threatens Blackpool's regeneration strategy. Looks at positive developments affecting stalled retail schemes across the region. Segro reports success in its void reduction strategy at Trafford Park, one of the region's largest industrial estates. Increased office and industrial lettings at Manchester Airport point to a recovering regional economy. North-west shed market is being restricted by a lack of new stock in all size brackets. Jones Lang LaSalle reports that the north-west residential land market has recovered after 18 transaction-less months. Development has started at Hope Mill, a former Modus scheme outside Bury.
590 ## - LOCAL NOTE (RLIN)
Local note KA
651 #4 - SUBJECT ADDED ENTRY--GEOGRAPHIC NAME
Geographic name England
Chronological subdivision 886-
690 ## - LOCAL SUBJECT ADDED ENTRY--TOPICAL TERM (OCLC, RLIN)
Topical term or geographic name as entry element PROPERTY-COMMERCIAL PROPERTY-COMMERCIAL PROPERTY MARKET
690 ## - LOCAL SUBJECT ADDED ENTRY--TOPICAL TERM (OCLC, RLIN)
Topical term or geographic name as entry element PROPERTY-COMMERCIAL PROPERTY-COMMERCIAL PROPERTY FINANCE AND INVESTMENT
942 ## - ADDED ENTRY ELEMENTS (KOHA)
Suppress in OPAC 0
Holdings
Withdrawn status Lost status Source of classification or shelving scheme Damaged status Not for loan Home library Current library Shelving location Date acquired Total Checkouts Full call number Barcode Date last seen Copy number Price effective from Koha item type
    Dewey Decimal Classification     London London Journal article 17/11/2010   L151556 151556-1001 06/08/2019 1 06/08/2019 Journal article